Приборы и стенды. Тема № 4 [1]: Устройство для аэродинамического исследования паровых потоков большой скорости (Запись № 8245517)

Подробности
000 -МАРКЕР
контрольное поле 01287nam2a22002651 4500
001 - ИДЕНТИФИКАТОР ЗАПИСИ
контрольное поле rc\3980707
005 - ИДЕНТИФИКАТОР ВЕРСИИ
контрольное поле 20250610223502.0
035 ## - ДРУГИЕ СИСТЕМНЫЕ НОМЕРА
Идентификатор записи (NLR Aleph) 007935456
100 ## - ДАННЫЕ ОБЩЕЙ ОБРАБОТКИ
Данные общей обработки 20130415d1955 |||y0rusy50 ca
101 0# - ЯЗЫК РЕСУРСА
Язык текста, звукозаписи и т.д. русский
102 ## - СТРАНА ПУБЛИКАЦИИ ИЛИ ПРОИЗВОДСТВА
Страна публикации Российская Федерация
105 ## - ПОЛЕ КОДИРОВАННЫХ ДАННЫХ: ТЕКСТОВЫЕ МАТЕРИАЛЫ, МОНОГРАФИЧЕСКИЕ
Кодированные данные о монографическом текстовом документе y z |||||
200 1# - ЗАГЛАВИЕ И СВЕДЕНИЯ ОБ ОТВЕТСТВЕННОСТИ
Основное заглавие Устройство для аэродинамического исследования паровых потоков большой скорости
Первые сведения об ответственности Еременко А.С. и др.
210 ## - ПУБЛИКАЦИЯ, РАСПРОСТРАНЕНИЕ И ДР.
Дата издания, распространения и т.д. 1955
Место издания, распространения и т.д. Б. м.
225 1# - СЕРИЯ
Основное заглавие серии ...
Обозначение тома № ПС-55-404
423 #0 - ИЗДАЕТСЯ В ОДНОЙ ОБЛОЖКЕ ВМЕСТЕ С ...
Встроенное поле 1010#$arus
-- 2001#$aУстановка для определения температуры начала замерзания
-- 700#1$aНазаров$bА.В.
Заглавие Установка для определения температуры начала замерзания
Автор Назаров, А.В.
461 #0 - УРОВЕНЬ НАБОРА
Встроенное поле 001rc\3980609
-- 2001#$aПриборы и стенды$e[Тема № 1]-$vТема № 4 [1]
Системный номер (АБИС) связанной записи 8244905
Место публикации Москва
Дата публикации 1955
Имя издателя, распространителя и т.д. Б. и.
Сведения, относящиеся к заглавию [Тема № 1]-
Заглавие Приборы и стенды
Номер тома Тема № 4 [1]
700 #1 - ИМЯ ЛИЦА - ПЕРВИЧНАЯ ОТВЕТСТВЕННОСТЬ
Начальный элемент ввода Еременко
Часть имени, кроме начального элемента ввода А.С.
702 #1 - ИМЯ ЛИЦА - ВТОРИЧНАЯ ОТВЕТСТВЕННОСТЬ
Начальный элемент ввода Еременко
Часть имени, кроме начального элемента ввода А.С.
Код отношения Составитель
801 #0 - ИСТОЧНИК ЗАПИСИ
Страна Российская Федерация
Организация NLR
Правила каталогизации psbo
801 #1 - ИСТОЧНИК ЗАПИСИ
Страна Российская Федерация
Организация ELAR
Источник данных rusmarc
852 ## - МЕСТОНАХОЖДЕНИЕ И ШИФР ХРАНЕНИЯ
Идентификатор организации NLR
Шифр хранения (Call Number) Т10 Г-8/106
942 ## - ДОПОЛНИТЕЛЬНЫЕ ЭЛЕМЕНТЫ ЗАПИСИ (АБИС)
Тип экземпляра АБИС Книга
980 ## - КОЛЛЕКЦИЯ
Название коллекции Национальная библиография
Экземпляры
Тип экземпляра Дата поступления Библиотека постоянного хранения Библиотека текущего хранения Место хранения Шифр хранения Штрих-код Статус экземпляра
Книга 26.10.2013 РНБ (Садовая) РНБ (Садовая) Русский книжный фонд -Главное здание, Ленинский читальный зал Т10 Г-8/106 7935456-10